MARC

LEADER 00000nam0a2200000 4500
001 23886
005 20231101205558.0
010 |a 5936300099 
035 |a (RuTPU)RU\TPU\book\24111 
035 |a BOOK00001879 
090 |a 23886 
100 |a 20011209d2000 km y0rusy50 ca 
101 0 |a rus 
102 |a RU 
105 |a y g 000zy 
200 1 |a Зарубежные транзисторы, диоды. A-Z  |e справочник  |f под ред. В. И. Заболотного 
210 |a Москва  |c Наука и техника  |d 2000 
215 |a 548 с. 
606 1 |a Транзисторы  |x Триоды  |2 stltpush  |3 (RuTPU)RU\TPU\subj\61274  |9 78476 
606 1 |a Диоды полупроводниковые  |2 stltpush  |3 (RuTPU)RU\TPU\subj\72569  |9 86020 
610 1 |a полупроводниковые приборы 
610 1 |a справочники 
610 1 |a зарубежные диоды 
610 1 |a зарубежные транзисторы 
675 |a 621.382.3(035)  |v 3 
675 |a 621.382.2(035)  |v 3 
702 1 |a Заболотный  |b В. И. 
801 0 |a RU  |b 63413507  |c 20011209  |g PSBO 
801 2 |a RU  |b 63413507  |c 20130619  |g PSBO 
942 |c BK